Detalles MARC
| 000 -LIDER |
| fixed length control field |
01025cam a2200325 a 4500 |
| 001 - NÚMERO DE CONTROL |
| Identificador de número de control |
0020089 |
| 003 - IDENTIFICACDOR DE NÚMERO DE CONTROL |
| control field |
DO-SdBNP |
| 005 - DATE AND TIME OF LATEST TRANSACTION |
| control field |
20231030114412.0 |
| 007 - CAMPOS FIJOS DE DESCRIPCIÓN FÍSICA |
| fixed length control field |
0020089 |
| 008 - ELEMENTOS DE LONGITUD FIJA |
| fixed length control field |
030115s1996 sp 000 f spa d |
| 020 ## - ISBN |
| International Standard Book Number |
8437614023 |
| 040 ## - FUENTE DE CATALOGACIÓN |
| Agencia que crea de manera original el registro |
BPMSU |
| Idioma de catalogación |
spa |
| Agencia que realiza la transcripción |
BPMSU |
| 082 #4 - NÚMERO DE CLASIFICACIÓN DECIMAL DE DEWEY |
| Classification number |
823.6 |
| Item number |
S545f 1996 |
| Edition number |
22 |
| 100 1# - ASIENTO PRINCIPAL -- NOMBRE PERSONAL |
| Nombre personal |
Shelley, Mary W. |
| Fechas asociadas con el nombre |
1797-1851 |
| Término de relación |
|
| 245 10 - MENCIÓN DE TITULO |
| Título |
Frankenstein o el moderno Prometeo / |
| Mención de responsabilidad |
Mary Shelley ; traducción M. Engracia Pujals ; edición Isabel Burdiel |
| 260 ## - PUBLICACIÓN, DISTRIBUCIÓN, ETC. (PIE DE IMPRENTA) |
| Lugar de publicación, distribución, etc |
Madrid : |
| Nombre del editor, distribuidor, etc. |
Cátedra, |
| Fecha de publicación, distribución, etc |
1996 |
| 300 ## - DESCRIPCIÓN FÍSICA |
| Extensión |
336 p. ; |
| Dimensiones |
21 cm. |
| 490 0# - MENCIÓN DE SERIES |
| Mención de serie |
Letras universales, |
| Volume/sequential designation |
230 |
| 500 ## - NOTA GENERAL |
| Materiales especificados |
I |
| 534 ## - NOTA SOBRE LA VERSIÓN ORIGINAL |
| Asiento principal del original |
Título original: |
| Mención del título original |
Frankenstein or the modern prometheus |
| Publicación, distribución, etc. del original |
|
| 590 ## - NOTA LOCAL |
| Texto de la nota local |
Inventariado, 2023/VM |
| 650 #4 - ENCABEZAMIENTO DE MATERIA--TEMÁTICO |
| Término temático o nombre geográfico como elemento de entrada |
NOVELA INGLESA |
| 650 #4 - ENCABEZAMIENTO DE MATERIA--TEMÁTICO |
| Término temático o nombre geográfico como elemento de entrada |
Novela juvenil Inglesa |
| 650 #4 - ENCABEZAMIENTO DE MATERIA--TEMÁTICO |
| Término temático o nombre geográfico como elemento de entrada |
Novela de ciencia ficción |
| 650 #4 - ENCABEZAMIENTO DE MATERIA--TEMÁTICO |
| Término temático o nombre geográfico como elemento de entrada |
Literatura y ciencia |
| 700 1# - ASIENTO SECUNDARIO -- NOMBRE PERSONAL |
| Nombre personal |
Pujals, M. Engracia |
| Mención de responsabilidad |
tr. |
| 700 1# - ASIENTO SECUNDARIO -- NOMBRE PERSONAL |
| Nombre personal |
Isabel Burdiel |
| Mención de responsabilidad |
ed. |
| 910 ## - VALIDACIÓN |
| Validación |
VMateo V. Control de calidad. BPMSU |
| 942 ## - ADDED ENTRY ELEMENTS (KOHA) |
| Source of classification or shelving scheme |
Dewey Decimal Classification |
| Koha item type |
Libros |